<?xml version="1.0" encoding="UTF-8"?>
<collection xmlns="http://www.loc.gov/MARC21/slim">
  <record>
    <leader>00000nam  2200000   4500</leader>
    <controlfield tag="001">INLIS000000000011175</controlfield>
    <controlfield tag="005">20210910025222</controlfield>
    <datafield tag="035" ind1="#" ind2="#">
      <subfield code="a">0010-0921000017</subfield>
    </datafield>
    <controlfield tag="007">ta</controlfield>
    <controlfield tag="008">210910################g##########0#eng##</controlfield>
    <datafield tag="082" ind1="#" ind2="#">
      <subfield code="a">338.018</subfield>
    </datafield>
    <datafield tag="084" ind1="#" ind2="#">
      <subfield code="a">338.018 Bow a</subfield>
    </datafield>
    <datafield tag="100" ind1=" " ind2="#">
      <subfield code="a">Bowman, Edward H</subfield>
    </datafield>
    <datafield tag="245" ind1="1" ind2="#">
      <subfield code="a">Analysis for production management /</subfield>
      <subfield code="c">Edward H. Bowman</subfield>
    </datafield>
    <datafield tag="260" ind1="#" ind2="#">
      <subfield code="a">Illinois :</subfield>
      <subfield code="b">Richard D Irwin, INC,</subfield>
      <subfield code="c">1961</subfield>
    </datafield>
    <datafield tag="300" ind1="#" ind2="#">
      <subfield code="a">ix, 562 hal. :</subfield>
      <subfield code="b">ilus ;</subfield>
      <subfield code="c">23 cm</subfield>
    </datafield>
    <datafield tag="650" ind1="#" ind2="#">
      <subfield code="a">Managemen Produksi</subfield>
    </datafield>
    <datafield tag="856" ind1="#" ind2="#">
      <subfield code="a">Perpustakaan LAN</subfield>
    </datafield>
    <datafield tag="990" ind1="#" ind2="#">
      <subfield code="a">10548</subfield>
    </datafield>
  </record>
</collection>
